| 000 | 00710nam a22002177a 4500 | ||
|---|---|---|---|
| 003 | OSt | ||
| 005 | 20130626135414.0 | ||
| 008 | 130626s2013 sp ||||| |||| 00| 0 spa d | ||
| 020 | _a9788490291771 | ||
| 040 | _cCDMR | ||
| 245 |
_aInfoentretenimiento _b: el formato imparable de la era del espectáculo _cCarme Ferré Pavia (ed.) ; Prólogo Toni Soler |
||
| 260 |
_aBarcelona _bUOC _c2013 |
||
| 300 | _a127 p. | ||
| 490 | 0 |
_aThat's entertainment _v1 |
|
| 650 | 0 | 4 |
_93157 _aTelevisió _xNoticiaris |
| 650 | 0 | 4 |
_93122 _aTelevisió _xProgrames |
| 650 | 0 | 4 |
_92757 _aMitjans de comunicació de massa _xAspectes socials |
| 700 | 1 |
_91263 _aFerré Pavia, Carme _eed. |
|
| 700 | 1 |
_93153 _aSoler, Toni _epr. |
|
| 942 |
_2udc _cMON |
||
| 999 |
_c6533 _d6533 |
||